Order the Continents - Statistics

General Stats
  • This quiz has been taken 24 times
  • The average score is 9 of 21
Answer Stats
Hint Answer % Correct
Area: #1 Asia
89%
Area: #2 Africa
79%
Population: #1 Asia
63%
Number of countries: #2 Asia
53%
Number of countries: #3 Europe
53%
Area: #4 North America
53%
Number of countries: #7 Antarctica
47%
Population: #6 Oceania
47%
Population: #7 Antarctica
42%
Population: #3 Europe
42%
Population: #5 South America
42%
Population: #2 Africa
37%
Number of countries: #1 Africa
37%
Population: #4 North America
37%
Number of countries: #6 South America
37%
Area: #7 Oceania
26%
Area: #5 South America
26%
Number of countries: #4 North America
21%
Number of countries: #5 Oceania
21%
Area: #3 Europe
5%
Area: #6 Antarctica
0%
No matching quizzes found
Score Distribution
Percent of People with Each Score
Percentile by Number Answered
Your Score History
You have not taken this quiz